00387nam a2200145Ia 450000100060000000800410000602000070004704000130005408200180006710000220008524500980010726000210020530000080022654600070023462469141119s9999 xx 000 0 und d aNA cPK-LaUMT a 158.1bCOV-S aCovey, Stephen R. 4aThe seven habits of highly effective peoplebrestoring the character ethiccCovey, Stephen R. aN.A:bN.A,c2004 a391 aEN